| 000 | 00725cam a22002293a 4500 | ||
|---|---|---|---|
| 001 | 31352 | ||
| 003 | PGUSA | ||
| 005 | 20140828083658.0 | ||
| 008 | 100222s2010||||xxu|||||s|||||000 | eng d | ||
| 040 |
_aPGUSA _beng |
||
| 042 | _adc | ||
| 050 | 4 | _aHQ | |
| 100 | 1 |
_aBigelow, Maurice A. _q(Maurice Alpheus), _d1872-1955 |
|
| 245 | 1 | 0 |
_aSex-education : _bA series of lectures concerning knowledge of sex in its relation to human life _h[electronic resource] / _cMaurice A. Bigelow |
| 260 |
_bProject Gutenberg, _c2010 |
||
| 506 | _aPublic domain in the USA. | ||
| 516 | _aElectronic text | ||
| 653 | _aSex instruction | ||
| 830 | 0 |
_aProject Gutenberg _v31352 |
|
| 856 | 4 | 0 | _uhttp://www.gutenberg.org/ebooks/31352 |
| 942 | _cEB | ||
| 999 |
_c260607 _d260607 |
||